000 00918nam0a22002411 4500
001 rc\591125
005 20250621174700.0
035 _a(NLR Aleph) 005836334
090 _a5632102
_c5632102
100 _a20031121d1986 |||y0rusy50 ca
101 0 _arus
102 _aRU
105 _ay |||||||||
200 1 _aВнутренняя политика Франции в первой половине 80-х годов: левые у власти (1981-1986)
_eУчеб. пособие к спецкурсу
_fЛенингр. гос. пед. ин-т им. А.И. Герцена
210 _aЛ.
_cЛГПИ
_d1986
215 _a84, [2] с.
_d22
700 1 _7ca
_8rus
_aЕгоров
_bЮ. В.
_cд-р ист. наук
_f1932-1999
_gЮрий Васильевич
_9138707
_3RU\NLR\AUTH\770138742
801 0 _aRU
_bNLR
_gpsbo
801 1 _aRU
_bELAR
_2rusmarc
852 _aNLR
_j87-6/839
942 _cBOOK
980 _aNB